000 00531nam a2200217Ia 4500
003 OSt
005 20220928141506.0
006 a|||||r|||| 00| 0
007 ta
008 220927b |||||||| |||| 00| 0 eng d
024 _a15525
037 _cTextual
040 _aSDCL
_cSDCL
_beng
041 _2eng
_aeng
082 _aO152,1N48x, N8
100 _aAlokdhanwa
_9500570
245 0 _aDuniya roz banti hai.
260 _c1998
942 _hO152,1N48x, N8
_cTEXL
_2CC
999 _c817923
_d817923